00391nam a2200145Ia 4500008004100000020001500041041001200056082001600068100002000084245007100104260002500175300000800200650001600208700002100224221030s9999 xx 000 0 und d a8120309324 aEnglish a105.23bTAN aA. M. Tanenbaum 0aDate Structures Using Pascalcby A. M. Tanenbaum, M. J. Augenstein bPHIaNew Delhic2001 a774 aBE Computer aM. J. Augenstein